[Event "Gibtelecom Masters 8th"]
[Site "Gibraltar"]
[Date "2010.02.03"]
[Round "9.6"]
[White "Fressinet, Laurent"]
[Black "Javakhishvili, Lela"]
[Result "1/2-1/2"]
[WhiteElo "2670"]
[BlackElo "2493"]
[PlyCount "122"]
[EventDate "2010.01.26"]
[EventType "swiss"]
[EventRounds "10"]
[EventCountry "GGB"]
[SourceDate "2005.02.07"]

1. d4 Nf6 2. c4 e6 3. Nf3 b6 4. g3 Bb4+ 5. Bd2 c5 6. Bxb4 cxb4 7. Bg2 Bb7 8O-O a5 9. Qd3 O-O 10. Nbd2 d6 11. e4 e5 12. Rfd1 Nc6 13. Rac1 Re8 14. a3 bxa3
15. bxa3 Ba6 16. Nf1 Qb8 17. Ne3 a4 18. Nf5 Bc8 19. N3h4 h6 20. Qe3 Bxf5 21Nxf5 Ne7 22. dxe5 dxe5 23. Rb1 Nxf5 24. exf5 e4 25. Rxb6 Qc8 26. Rd4 Qxf5 27h3 Ra5 28. Rbd6 Qe5 29. Rd8 Rxd8 30. Rxd8+ Kh7 31. Rd4 Ra7 32. Bxe4+ Nxe4 33Qxe4+ Qxe4 34. Rxe4 Rb7 35. c5 Rb1+ 36. Kg2 Rc1 37. Rxa4 Rxc5 38. Rf4 f6 39. a4
Rc1 40. h4 Kg6 41. Kf3 Ra1 42. Ke3 Kh5 43. Rb4 g5 44. hxg5 hxg5 45. Kd4 Ra2 46Kc5 f5 47. Kb6 Rxf2 48. a5 f4 49. gxf4 gxf4 50. a6 Kg4 51. Ra4 Rc2 52. a7 Rc8
53. Kb7 Rh8 54. Rc4 Kg3 55. Rc8 Rh7+ 56. Rc7 Rh8 57. Rg7+ Kf2 58. a8=Q Rxa8 59Kxa8 f3 60. Rf7 Ke2 61. Rxf3 Kxf3 1/2-1/2

[Event "Gibtelecom Masters 8th"]
[Site "Gibraltar"]
[Date "2010.02.03"]
[Round "9.7"]
[White "Sandipan, Chanda"]
[Black "Boskovic, Drasko"]
[Result "1/2-1/2"]
[WhiteElo "2622"]
[BlackElo "2454"]
[PlyCount "123"]
[EventDate "2010.01.26"]
[EventType "swiss"]
[EventRounds "10"]
[EventCountry "GGB"]
[SourceDate "2005.02.07"]

1. d4 Nf6 2. c4 c5 3. d5 e6 4. Nc3 exd5 5. cxd5 d6 6. e4 g6 7. f3 Bg7 8. Nge2
O-O 9. Ng3 a6 10. a4 h5 11. Bg5 Qe8 12. Qd2 Nh7 13. Bh6 h4 14. Bxg7 Kxg7 15Nge2 Nd7 16. Nf4 Ne5 17. Be2 Qe7 18. O-O Qg5 19. Rad1 Bd7 20. Ne6+ fxe6 21. f4
Qe7 22. fxe5 dxe5 23. Bc4 Rad8 24. Rxf8 Rxf8 25. dxe6 Bxe6 26. Bxe6 Qxe6 27Qd7+ Qxd7 28. Rxd7+ Rf7 29. Rd5 Nf6 30. Rxc5 Ng4 31. Nd5 Nf2 32. Rc4 h3 33. a5
hxg2 34. Kxg2 Nd3 35. b4 Kh6 36. Kg3 Nf2 37. Nc3 Rf4 38. Rc7 Nxe4+ 39. Nxe4
Rxe4 40. Rxb7 Kg5 41. Kf3 Rh4 42. Ke3 Rd4 43. b5 axb5 44. Rxb5 Kf5 45. Rb8 Ra4
46. Rf8+ Ke6 47. Ra8 Kd5 48. a6 Ra3+ 49. Kf2 g5 50. a7 Kc6 51. Rc8+ Kb7 52. Re8
Kxa7 53. Rxe5 Rh3 54. Kg2 g4 55. Rb5 Ka6 56. Rb4 Rh4 57. Rb3 Ka5 58. Kg1 Ka4
59. Rb2 Ka5 60. Kf1 Ka6 61. Kg2 Rh3 62. Rb4 1/2-1/2

[Event "Gibtelecom Masters 8th"]
[Site "Gibraltar"]
[Date "2010.02.03"]
[Round "9.8"]
[White "Guliyev, Namig"]
[Black "Cheparinov, Ivan"]
[Result "1/2-1/2"]
[WhiteElo "2516"]
[BlackElo "2660"]
[PlyCount "106"]
[EventDate "2010.01.26"]
[EventType "swiss"]
[EventRounds "10"]
[EventCountry "GGB"]
[SourceDate "2005.02.07"]

1. e4 c5 2. Nf3 d6 3. d4 cxd4 4. Nxd4 Nf6 5. Nc3 a6 6. Be2 e5 7. Nb3 Be7 8. Bg5
Be6 9. Bxf6 Bxf6 10. Qd3 Be7 11. O-O-O Nd7 12. Nd5 Bxd5 13. Qxd5 Qc7 14. Kb1
Nf6 15. Qd3 O-O 16. Nd2 Rfd8 17. Bf3 Qc5 18. Qe2 Rac8 19. Nb3 Qc7 20. c3 b5 21Na1 a5 22. Nc2 b4 23. cxb4 d5 24. exd5 axb4 25. Ne3 e4 26. Bg4 Ra8 27. Bh3 Qa7
28. Qc4 b3 29. axb3 Bd6 30. g3 Qa2+ 31. Kc2 Be5 32. Rb1 Nd7 33. Bxd7 Rxd7 34Qxe4 Bf6 35. Rhc1 Rb7 36. Qc4 Rbb8 37. Qd3 Ra3 38. Kd1 Raxb3 39. Qc4 h5 40. Qe4
Bxb2 41. Qc2 Bxc1 42. Qxa2 Rxb1 43. Nc4 Bg5+ 44. Ke2 Bf6 45. Kf3 Rd1 46. Ne3
Rd4 47. h4 Rd8 48. Qa6 Rd2 49. Qa5 Rd3 50. Qb5 Rc3 51. Qb4 g6 52. Kg2 Rcc8 53g4 hxg4 1/2-1/2

[Event "Gibtelecom Masters 8th"]
[Site "Gibraltar"]
[Date "2010.02.03"]
[Round "9.9"]
[White "Carlsson, Pontus"]
[Black "Fridman, Daniel"]
[Result "0-1"]
[WhiteElo "2476"]
[BlackElo "2654"]
[PlyCount "58"]
[EventDate "2010.01.26"]
[EventType "swiss"]
[EventRounds "10"]
[EventCountry "GGB"]
[SourceDate "2005.02.07"]

1. e4 c6 2. d4 d5 3. e5 c5 4. dxc5 Nc6 5. Nf3 Bg4 6. Bb5 Qa5+ 7. Nc3 e6 8. Be3
Nge7 9. h3 Bxf3 10. Qxf3 a6 11. Ba4 O-O-O 12. Qxf7 d4 13. Qxe6+ Kb8 14. O-O-dxe3 15. Rxd8+ Qxd8 16. Qd6+ Ka7 17. f4 g5 18. Qxd8 Nxd8 19. fxg5 Bg7 20. Ne4
Bxe5 21. Re1 Rf8 22. Bd7 Nf5 23. Bxf5 Rxf5 24. Kd1 Bxb2 25. Rxe3 Ne6 26. Rb3
Rd5+ 27. Rd3 Re5 28. Nd6 Nxc5 29. Nc8+ Kb8 0-1

[Event "Gibtelecom Masters 8th"]
[Site "Gibraltar"]
[Date "2010.02.03"]
[Round "9.10"]
[White "Edouard, Romain"]
[Black "Bindrich, Falko"]
[Result "0-1"]
[WhiteElo "2608"]
[BlackElo "2512"]
[PlyCount "86"]
[EventDate "2010.01.26"]
[EventType "swiss"]
[EventRounds "10"]
[EventCountry "GGB"]
[SourceDate "2005.02.07"]

1. d4 Nf6 2. Bg5 Ne4 3. Bf4 c5 4. f3 Qa5+ 5. c3 Nf6 6. d5 Qb6 7. Bc1 e6 8. e4
Bd6 9. c4 O-O 10. Nc3 exd5 11. cxd5 Re8 12. Bc4 a6 13. a4 Qc7 14. Nge2 Be5 15Qd3 d6 16. O-O Nbd7 17. b3 Nb6 18. Bb2 Bd7 19. Rac1 Nxc4 20. bxc4 Rac8 21. Rfe1
Nh5 22. Qd2 Qb6 23. g4 Nf6 24. Rb1 Qb3 25. Qd3 Bxa4 26. Ba1 Qa3 27. Rxb7 Bb3
28. f4 Bd4+ 29. Nxd4 cxd4 30. Ne2 Qa5 31. Rc1 Bxc4 32. Rxc4 Rxc4 33. Qxc4 Qxa1+
34. Kg2 Qe1 35. Ng3 Qd2+ 36. Qe2 Qxf4 37. Qf3 Qxg4 38. Qxg4 Nxg4 39. Rb6 d3 40Kf3 Ne5+ 41. Kf2 f5 42. Nxf5 Nc4 43. Rc6 d2 0-1

[Event "Gibtelecom Masters 8th"]
[Site "Gibraltar"]
[Date "2010.02.03"]
[Round "9.11"]
[White "Hoffmann, Michael"]
[Black "Istratescu, Andrei"]
[Result "1/2-1/2"]
[WhiteElo "2508"]
[BlackElo "2607"]
[PlyCount "110"]
[EventDate "2010.01.26"]
[EventType "swiss"]
[EventRounds "10"]
[EventCountry "GGB"]
[SourceDate "2005.02.07"]

1. d4 e6 2. e4 d5 3. Nc3 Nf6 4. Bg5 Bb4 5. e5 h6 6. Bd2 Bxc3 7. bxc3 Ne4 8. Qg4
g6 9. Qf4 c5 10. Bd3 Nxd2 11. Qxd2 Nc6 12. Nf3 c4 13. Be2 Bd7 14. Rb1 b6 15. h4
f5 16. exf6 Qxf6 17. Qe3 O-O-O 18. Kd2 Rdf8 19. Rbf1 Qf5 20. g3 Kc7 21. Bd1 Qe4
22. Re1 Qxe3+ 23. fxe3 Rh7 24. Ref1 Rhf7 25. Be2 Kd6 26. Ke1 b5 27. a3 a5 28Kd2 Rf6 29. Rhg1 Be8 30. Rh1 Ne7 31. g4 Nc6 32. Rhg1 R6f7 33. g5 h5 34. Rg3 e5
35. dxe5+ Nxe5 36. Nxe5 Rxf1 37. Bxf1 Rxf1 38. Rf3 Rh1 39. Nxg6 Bxg6 40. Rf6+
Ke5 41. Rxg6 Rxh4 42. Ke2 Kf5 43. Rd6 Kxg5 44. Rxd5+ Kg4 45. e4 Rh2+ 46. Ke3
Rxc2 47. Rxb5 Rxc3+ 48. Kd4 Rxa3 49. e5 h4 50. e6 Rd3+ 51. Kxc4 Re3 52. Kd5 Kf5
53. Kd4+ Kf4 54. Rh5 Rxe6 55. Rxh4+ Kg5 1/2-1/2

[Event "Gibtelecom Masters 8th"]
[Site "Gibraltar"]
[Date "2010.02.03"]
[Round "9.12"]
[White "Felgaer, Ruben"]
[Black "Kapnisis, Spyridon"]
[Result "1/2-1/2"]
[WhiteElo "2591"]
[BlackElo "2510"]
[PlyCount "112"]
[EventDate "2010.01.26"]
[EventType "swiss"]
[EventRounds "10"]
[EventCountry "GGB"]
[SourceDate "2005.02.07"]

1. e4 e5 2. Nf3 Nc6 3. Bb5 a6 4. Ba4 d6 5. O-O Bd7 6. c4 Bg4 7. h3 Bxf3 8. Qxf3
Nf6 9. Nc3 Nd7 10. Ne2 g6 11. d4 Bg7 12. Bxc6 bxc6 13. d5 c5 14. a3 a5 15. Bd2
O-O 16. b4 a4 17. Nc3 f5 18. Qe2 f4 19. f3 Bf6 20. Qd1 Nb6 21. Qe2 Nd7 22. Rfc1
Bh4 23. Qd1 Nb6 24. Nb5 Nd7 25. Kf1 h5 26. Ke2 Rf7 27. Nc3 Nb6 28. Kd3 Bf2 29Ne2 c6 30. Nc3 Qc8 31. b5 cxd5 32. exd5 Bd4 33. Ne4 Bxa1 34. Rxa1 Qf5 35. h4
Rd7 36. Kc3 Rdd8 37. Qe2 Qf7 38. Rg1 Kh8 39. g4 Nxd5+ 40. cxd5 Qxd5 41. Qd1 Qa2
42. Bc1 d5 43. Nd2 d4+ 44. Kd3 c4+ 45. Nxc4 Rac8 46. Qxa4 Qf2 47. Qd1 Qa2 48Qa4 e4+ 49. fxe4 Qh2 50. Qa6 Qh3+ 51. Ke2 d3+ 52. Kf2 Qxh4+ 53. Kf1 Qh3+ 54Kf2 Qh4+ 55. Kf1 Qh3+ 56. Kf2 Qh4+ 1/2-1/2

[Event "Gibtelecom Masters 8th"]
[Site "Gibraltar"]
[Date "2010.02.03"]
[Round "9.13"]
[White "Harika, Dronavalli"]
[Black "Gopal, Geetha Narayanan"]
[Result "0-1"]
[WhiteElo "2471"]
[BlackElo "2584"]
[PlyCount "118"]
[EventDate "2010.01.26"]
[EventType "swiss"]
[EventRounds "10"]
[EventCountry "GGB"]
[SourceDate "2005.02.07"]

1. d4 c5 2. Nf3 cxd4 3. Nxd4 g6 4. c4 Bg7 5. e4 Nc6 6. Be3 Nf6 7. Nc3 d6 8. Be2
O-O 9. O-O Nxd4 10. Bxd4 Bd7 11. Nd5 Nxe4 12. Bxg7 Kxg7 13. Qd4+ Nf6 14. Nxf6
exf6 15. Qxd6 Re8 16. Bf3 Bc6 17. Qa3 Qd4 18. Bxc6 bxc6 19. b3 Rad8 20. Rae1
Rxe1 21. Rxe1 Qd2 22. Rf1 a5 23. g3 Re8 24. Qa4 Re6 25. a3 c5 26. Qb5 Re5 27Qb6 h5 28. h4 f5 29. Qc7 Qc3 30. Rd1 f4 31. gxf4 Rf5 32. Rd8 Qe1+ 33. Kg2 Qe4+
34. Kg3 Qe2 35. Qb8 Qg4+ 36. Kh2 Qxh4+ 37. Kg2 Qg4+ 38. Kf1 Qxf4 39. Qxf4 Rxf4
40. Ra8 Rf3 41. Rxa5 Rxb3 42. a4 Rb4 43. Rxc5 Rxa4 44. Rc8 h4 45. c5 g5 46. c6
Rc4 47. Kg2 Kf6 48. Rh8 Kf5 49. Rf8 Ke6 50. Rg8 Kf6 51. Rh8 Kg7 52. Rc8 Rc2 53Kf3 Kf6 54. Kg4 Rxf2 55. Rd8 Rf4+ 56. Kh5 Rc4 57. Rd5 h3 58. Rd6+ Ke5 59. Rd3
g4 0-1

[Event "Gibtelecom Masters 8th"]
[Site "Gibraltar"]
[Date "2010.02.03"]
[Round "9.14"]
[White "Lenderman, Alex"]
[Black "Dzagnidze, Nana"]
[Result "1-0"]
[WhiteElo "2560"]
[BlackElo "2506"]
[PlyCount "103"]
[EventDate "2010.01.26"]
[EventType "swiss"]
[EventRounds "10"]
[EventCountry "GGB"]
[SourceDate "2005.02.07"]

1. Nf3 Nf6 2. c4 e6 3. Nc3 Bb4 4. Qc2 c5 5. a3 Bxc3 6. Qxc3 Nc6 7. g3 O-O 8Bg2 Qe7 9. O-O e5 10. d3 d5 11. Bg5 d4 12. Qb3 Qc7 13. Bxf6 gxf6 14. e3 Be6 15exd4 cxd4 16. Qd1 Kh8 17. Nh4 f5 18. Qh5 Ne7 19. Rae1 f6 20. f4 Bf7 21. Qd1 e4
22. dxe4 Bxc4 23. Rf2 d3 24. exf5 Rad8 25. Qd2 Bg8 26. Be4 Qc5 27. Re3 Bc4 28Bxd3 Rd5 29. Qe2 Rxd3 30. Rxd3 Bxd3 31. Qxd3 Nd5 32. b4 Qc6 33. Rd2 Rd8 34. Ng2
Rd7 35. Qf3 Qb6+ 36. Kh1 Qd8 37. h3 b5 38. Qd1 Qa8 39. Kh2 Qc6 40. Qh5 Re7 41Qf3 Rd7 42. Qe4 Kg7 43. h4 Qb7 44. Qe6 Rd8 45. h5 h6 46. Qe4 Rd7 47. Qe8 Rf7
48. Nh4 Qd7 49. Qe6 Re7 50. Rxd5 Qe8 51. Qd6 Re2+ 52. Kh3 1-0

[Event "Gibtelecom Masters 8th"]
[Site "Gibraltar"]
[Date "2010.02.03"]
[Round "9.15"]
[White "Krush, Irina"]
[Black "Malakhatko, Vadim"]
[Result "1/2-1/2"]
[WhiteElo "2455"]
[BlackElo "2549"]
[PlyCount "142"]
[EventDate "2010.01.26"]
[EventType "swiss"]
[EventRounds "10"]
[EventCountry "GGB"]
[SourceDate "2005.02.07"]

1. d4 e6 2. c4 Bb4+ 3. Nc3 c5 4. a3 Bxc3+ 5. bxc3 Nf6 6. f3 d6 7. e4 e5 8. Bd3
Nc6 9. Ne2 Qe7 10. O-O Bd7 11. d5 Na5 12. Ng3 O-O-O 13. Nf5 Bxf5 14. exf5 Ne8
15. Rb1 Nc7 16. g4 f6 17. h4 h6 18. Kf2 Qd7 19. Be3 Kb8 20. Rh1 Ka8 21. Qc2
Rdf8 22. Rh2 Re8 23. Rbh1 Ref8 24. g5 hxg5 25. hxg5 Rxh2+ 26. Rxh2 fxg5 27Bxg5 Ne8 28. Rh7 a6 29. Qb1 Ka7 30. Qh1 Nf6 31. Bxf6 Rxf6 32. Qg1 Rf7 33. Qg6
Re7 34. Rh8 Qc7 35. Rg8 b5 36. cxb5 c4 37. Be4 axb5 38. Kg2 Nb7 39. Qh7 Rf7 40Qh8 Qe7 41. Ra8+ Kb6 42. Qc8 Qc7 43. Qxc7+ Rxc7 44. a4 bxa4 45. Rxa4 Rc8 46Kh3 Rh8+ 47. Kg4 Rh1 48. Rxc4 Rg1+ 49. Kh4 Nc5 50. Rb4+ Kc7 51. Rb1 Rxb1 52Bxb1 Kd7 53. Kg5 Ke7 54. Kg6 Kf8 55. Bc2 Nd7 56. Ba4 Nc5 57. Bb5 e4 58. fxe4
Nxe4 59. c4 Nf6 60. c5 dxc5 61. d6 Ng4 62. d7 Ne5+ 63. Kh7 Ke7 64. Kxg7 c4 65f6+ Kd8 66. Ba4 c3 67. Kg8 Ng4 68. f7 Nh6+ 69. Kg7 Nxf7 70. Kxf7 c2 71. Bxc2
Kxd7 1/2-1/2

[Event "Gibtelecom Masters 8th"]
[Site "Gibraltar"]
[Date "2010.02.03"]
[Round "9.16"]
[White "Stefanova, Antoaneta"]
[Black "Shankland, Samuel L"]
[Result "1-0"]
[WhiteElo "2545"]
[BlackElo "2491"]
[PlyCount "77"]
[EventDate "2010.01.26"]
[EventType "swiss"]
[EventRounds "10"]
[EventCountry "GGB"]
[SourceDate "2005.02.07"]

1. d4 d5 2. c4 c6 3. Nf3 Nf6 4. e3 e6 5. Bd3 Bd6 6. b3 Nbd7 7. Bb2 Qe7 8. Ne5
Nxe5 9. dxe5 Bb4+ 10. Nd2 Nd7 11. O-O O-O 12. f4 g6 13. Nf3 dxc4 14. bxc4 Ba3
15. Bd4 b6 16. Ng5 Bb7 17. Qg4 Rfd8 18. Rad1 Bc5 19. Qh3 Nf8 20. Bxc5 Qxc5 21Ne4 Qa3 22. Nd6 Ba6 23. Be4 Qc5 24. Rd4 b5 25. cxb5 Bxb5 26. Nb7 Qb6 27. Nxd8
Rxd8 28. Rxd8 Qxd8 29. Ra1 f5 30. exf6 Qxf6 31. Rb1 Bc4 32. a4 Ba2 33. Rf1 c5
34. Qf3 c4 35. Qd1 Bb3 36. Qd4 Qxd4 37. exd4 Nd7 38. a5 Nf6 39. Bf3 1-0

[Event "Gibtelecom Masters 8th"]
[Site "Gibraltar"]
[Date "2010.02.03"]
[Round "9.17"]
[White "Lovik, Lasse Ostebo"]
[Black "Cramling, Pia"]
[Result "0-1"]
[WhiteElo "2343"]
[BlackElo "2528"]
[PlyCount "44"]
[EventDate "2010.01.26"]
[EventType "swiss"]
[EventRounds "10"]
[EventCountry "GGB"]
[SourceDate "2005.02.07"]

1. e4 c5 2. Nf3 e6 3. d4 cxd4 4. Nxd4 a6 5. Nc3 Qc7 6. Be2 Nf6 7. O-O Bc5 8Be3 O-O 9. f4 d6 10. Qd3 b5 11. Bf3 Bb7 12. Rad1 Nbd7 13. a3 Rfd8 14. Nb3 Bxe3+
15. Qxe3 Rac8 16. Rd3 Ba8 17. Rfd1 Nb6 18. Na5 d5 19. b4 dxe4 20. Rxd8+ Rxd8
21. Rxd8+ Qxd8 22. Nxe4 Bxe4 0-1

[Event "Gibtelecom Masters 8th"]
[Site "Gibraltar"]
[Date "2010.02.03"]
[Round "9.18"]
[White "Speelman, Jonathan"]
[Black "Cori Tello, Jorge"]
[Result "1/2-1/2"]
[WhiteElo "2535"]
[BlackElo "2483"]
[PlyCount "80"]
[EventDate "2010.01.26"]
[EventType "swiss"]
[EventRounds "10"]
[EventCountry "GGB"]
[SourceDate "2005.02.07"]

1. d4 Nf6 2. Nf3 d5 3. c4 c6 4. Nc3 e6 5. e3 Nbd7 6. Qc2 Bd6 7. Bd3 dxc4 8Bxc4 O-O 9. a4 e5 10. O-O exd4 11. exd4 Nb6 12. Bb3 Nfd5 13. Bg5 Nb4 14. Qd2
Qc7 15. Rac1 Qb8 16. Ne4 N6d5 17. Nxd6 Qxd6 18. Ne5 Be6 19. Rfe1 a5 20. Bh4
Rfe8 21. Bg3 Qd8 22. Bd1 Nb6 23. b3 Bd5 24. Re3 Be6 25. Nc4 N6d5 26. Re1 Bf5
27. Rxe8+ Qxe8 28. Nd6 Qd7 29. Be2 Be6 30. h3 Rf8 31. Nc4 b6 32. Bf3 Qb7 33Nd6 Qe7 34. Nc4 Qb7 35. Nd6 Qa7 36. Re1 Ne7 37. Bg4 Bxg4 38. hxg4 Qd7 39. f3 h6
40. Nc4 Ned5 1/2-1/2

[Event "Gibtelecom Masters 8th"]
[Site "Gibraltar"]
[Date "2010.02.03"]
[Round "9.19"]
[White "Kosteniuk, Alexandra"]
[Black "Zhukova, Natalia"]
[Result "0-1"]
[WhiteElo "2523"]
[BlackElo "2462"]
[PlyCount "94"]
[EventDate "2010.01.26"]
[EventType "swiss"]
[EventRounds "10"]
[EventCountry "GGB"]
[SourceDate "2005.02.07"]

1. e4 e6 2. d4 d5 3. Nc3 Nf6 4. Bg5 Bb4 5. e5 h6 6. Be3 Ne4 7. Qg4 g6 8. a3
Bxc3+ 9. bxc3 c5 10. Bd3 h5 11. Qf3 Nxc3 12. dxc5 d4 13. Bd2 Nc6 14. Qf4 g5 15Qxg5 Qxg5 16. Bxg5 Nxe5 17. Bf6 Nxd3+ 18. cxd3 Rg8 19. Bxd4 Nd5 20. g3 Bd7 21Nf3 Bc6 22. Ne5 Nb4 23. Nxc6 Nc2+ 24. Kd2 Nxa1 25. Na5 b6 26. Rxa1 bxa5 27. Rb1
Rg5 28. Rb5 Rd5 29. Be3 O-O-O 30. Ke2 Rxd3 31. Rxa5 Kb7 32. c6+ Kxc6 33. Ra6+
Kb5 34. Rxa7 R3d7 35. Rxd7 Rxd7 36. h4 e5 37. Bg5 f5 38. Bf6 Rd5 39. Be7 Kc4
40. Bf8 Rd7 41. Bb4 Rd3 42. Be7 Rb3 43. Bf8 Kd4 44. Bd6 Kd5 45. Bb4 Ke4 46. Kd1
Rb2 47. Bd2 Kd3 0-1

[Event "Gibtelecom Masters 8th"]
[Site "Gibraltar"]
[Date "2010.02.03"]
[Round "9.20"]
[White "Lopez Martinez, Josep Manu"]
[Black "Degtiarev, Evgeny"]
[Result "1/2-1/2"]
[WhiteElo "2593"]
[BlackElo "2374"]
[PlyCount "144"]
[EventDate "2010.01.26"]
[EventType "swiss"]
[EventRounds "10"]
[EventCountry "GGB"]
[SourceDate "2005.02.07"]

1. e4 c5 2. Nf3 d6 3. d4 cxd4 4. Nxd4 Nf6 5. Nc3 Nc6 6. Bg5 Bd7 7. Qd2 Rc8 8Nxc6 Bxc6 9. f3 a6 10. O-O-O Qa5 11. Kb1 Nd7 12. Bc4 b5 13. Bb3 Nc5 14. Rhe1 e6
15. Bh4 Na4 16. Bxa4 bxa4 17. a3 Bb5 18. Qd4 e5 19. Qa7 Qc7 20. Qxc7 Rxc7 21Nd5 Rc8 22. Re3 f6 23. Be1 Kf7 24. Bb4 Ke6 25. f4 exf4 26. Nxf4+ Kd7 27. e5
fxe5 28. Rxe5 Be7 29. Ne6 Rc6 30. Ree1 Bf6 31. Nc5+ Kc7 32. Ne4 Be5 33. g3 h5
34. Bc3 Re8 35. Kc1 Rc4 36. Bxe5 Rxe5 37. Nxd6 Rxe1 38. Nxb5+ axb5 39. Rxe1 Kd6
40. Rf1 Ke6 41. Kd2 g5 42. h3 Rc5 43. Rf2 Rd5+ 44. Kc3 Re5 45. Kb4 Re3 46. Rg2
Re5 47. c4 bxc4 48. Kxa4 Re3 49. Kb4 Kd5 50. Rd2+ Kc6 51. Kxc4 Rxg3 52. Rh2 h4
53. Kb4 Kb6 54. Kc4 Kc6 55. Kd4 Kb5 56. Ke4 Ka4 57. Kf5 Kb3 58. Re2 Rg1 59. Kg6
g4 60. hxg4 Rxg4+ 61. Kh5 Rc4 62. Rh2 Ra4 63. Kg5 Rc4 64. Kf5 Ra4 65. Ke5 Rc4
66. Kd5 Ra4 67. Kc5 Rc4+ 68. Kb5 Rg4 69. a4 Rb4+ 70. Kc5 Rxa4 71. Kd5 Ra2 72Rxh4 Rxb2 1/2-1/2

[Event "Gibtelecom Masters 8th"]
[Site "Gibraltar"]
[Date "2010.02.03"]
[Round "9.21"]
[White "Maze, Sebastien"]
[Black "Avalos Parra, Joao"]
[Result "0-1"]
[WhiteElo "2554"]
[BlackElo "2245"]
[PlyCount "100"]
[EventDate "2010.01.26"]
[EventType "swiss"]
[EventRounds "10"]
[EventCountry "GGB"]
[SourceDate "2005.02.07"]

1. g3 Nf6 2. Bg2 d5 3. d3 e5 4. c4 c6 5. Qb3 Qb6 6. Nd2 Bc5 7. Qxb6 Bxb6 8. b3
O-O 9. Bb2 Re8 10. Nh3 Bg4 11. f3 Bh5 12. O-O-O Nbd7 13. Nf1 h6 14. Rd2 Bc5 15Rd1 Bb6 16. Kc2 g5 17. g4 Bg6 18. e4 a5 19. Ng3 Bc5 20. Ng1 b5 21. cxb5 cxb5
22. N1e2 d4 23. h4 a4 24. Kb1 axb3 25. axb3 Ba3 26. Rc1 Ra7 27. Rc6 Rea8 28Bxa3 Rxa3 29. Nc1 R3a6 30. Rc2 Ne8 31. hxg5 hxg5 32. Nf5 Bxf5 33. exf5 Rb8 34Rh5 Nef6 35. Rxg5+ Kf8 36. Rc7 Rd8 37. f4 exf4 38. Bc6 Ne5 39. Bxb5 Rb6 40. Ba4
f3 41. Rc2 Nfxg4 42. Rh5 Rh6 43. Rxh6 Nxh6 44. b4 Nhg4 45. Nb3 f2 46. Nd2 Ne3
47. Rc1 Rb8 48. Bb3 Nxd3 49. Rh1 Rxb4 50. Ka2 Kg7 0-1

[Event "Gibtelecom Masters 8th"]
[Site "Gibraltar"]
[Date "2010.02.03"]
[Round "9.22"]
[White "Vernay, Clovis"]
[Black "Henriksson, Johan"]
[Result "1-0"]
[WhiteElo "2442"]
[BlackElo "2204"]
[PlyCount "71"]
[EventDate "2010.01.26"]
[EventType "swiss"]
[EventRounds "10"]
[EventCountry "GGB"]
[SourceDate "2005.02.07"]

1. d4 d5 2. c4 c6 3. e3 Nf6 4. Nf3 Bf5 5. cxd5 cxd5 6. Nc3 Nc6 7. Ne5 Nd7 8. g4
Be6 9. Nd3 Nb6 10. a4 Bc8 11. a5 Nc4 12. a6 e6 13. b3 Nd6 14. axb7 Nxb7 15. b4
Be7 16. Qa4 Bd7 17. b5 Nb8 18. Ne5 O-O 19. Bd2 f6 20. Nc6 Bxc6 21. bxc6 Nd6 22Rc1 Qc7 23. Bg2 Bd8 24. Nb5 Nxb5 25. Qxb5 a5 26. e4 dxe4 27. Bxe4 f5 28. gxf5
exf5 29. Bd5+ Kh8 30. O-O Qd6 31. c7 Na6 32. c8=Q Rxc8 33. Rxc8 Nc7 34. Qc6
Qxd5 35. Qxc7 f4 36. Bxf4 1-0

[Event "Gibtelecom Masters 8th"]
[Site "Gibraltar"]
[Date "2010.02.03"]
[Round "9.23"]
[White "Peek, Marcel"]
[Black "Cori Tello, Deysi"]
[Result "1/2-1/2"]
[WhiteElo "2342"]
[BlackElo "2412"]
[PlyCount "65"]
[EventDate "2010.01.26"]
[EventType "swiss"]
[EventRounds "10"]
[EventCountry "GGB"]
[SourceDate "2005.02.07"]

1. d4 Nf6 2. c4 e6 3. Nf3 d5 4. Nc3 c6 5. Bg5 Nbd7 6. e3 h6 7. Bh4 Be7 8. Rc1
a6 9. Bd3 dxc4 10. Bxc4 Nd5 11. Bxe7 Qxe7 12. O-O O-O 13. Ne4 Rd8 14. Qb3 N5f6
15. Nxf6+ Qxf6 16. Rfd1 b5 17. Bd3 Bb7 18. Be4 e5 19. dxe5 Nxe5 20. Nxe5 Qxe5
21. Bf3 Rab8 22. h3 Rxd1+ 23. Rxd1 c5 24. Bxb7 Rxb7 25. Rd5 c4 26. Rxe5 cxb3
27. axb3 Rc7 28. Re8+ Kh7 29. Ra8 Rc1+ 30. Kh2 Rc2 31. Rxa6 Rxb2 32. Rb6 Rxb3
33. g4 1/2-1/2

[Event "Gibtelecom Masters 8th"]
[Site "Gibraltar"]
[Date "2010.02.03"]
[Round "9.24"]
[White "Battaglini, Gabriel"]
[Black "Ivanov, Stojan Emilov"]
[Result "0-1"]
[WhiteElo "2411"]
[BlackElo "2198"]
[PlyCount "90"]
[EventDate "2010.01.26"]
[EventType "swiss"]
[EventRounds "10"]
[EventCountry "GGB"]
[SourceDate "2005.02.07"]

1. e4 e5 2. Nf3 Nf6 3. d4 Nxe4 4. Bd3 d5 5. dxe5 Nc6 6. Nbd2 Nc5 7. Bb5 a6 8Bxc6+ bxc6 9. Nd4 Bd7 10. O-O Be7 11. N2b3 O-O 12. Na5 Qe8 13. Re1 Rb8 14. c3
Ne4 15. f3 Ng5 16. b4 c5 17. bxc5 Ba4 18. Ndb3 Bxc5+ 19. Kh1 Ne6 20. Qxd5 Be7
21. Be3 c5 22. Qc4 Bb5 23. Qg4 Qc8 24. Nc4 Rd8 25. Rad1 h5 26. Qe4 Bc6 27Rxd8+ Nxd8 28. Qf4 Ne6 29. Qg3 Qd8 30. Qf2 Qd3 31. Nca5 Ba8 32. c4 Rd8 33. h3
Qf5 34. Bc1 Rd3 35. Nd2 Bg5 36. Nab3 Be7 37. Re3 Rd8 38. Bb2 Bg5 39. Rc3 Nf4
40. Qxc5 Nxg2 41. Qf2 Qxh3+ 42. Kg1 Nh4 43. c5 Nxf3+ 44. Rxf3 Bxf3 45. Qxf3
Be3+ 0-1

[Event "Gibtelecom Masters 8th"]
[Site "Gibraltar"]
[Date "2010.02.03"]
[Round "9.25"]
[White "Karavade, Eesha"]
[Black "Fokin, Sergey"]
[Result "1/2-1/2"]
[WhiteElo "2405"]
[BlackElo "2109"]
[PlyCount "75"]
[EventDate "2010.01.26"]
[EventType "swiss"]
[EventRounds "10"]
[EventCountry "GGB"]
[SourceDate "2005.02.07"]

1. Nf3 Nf6 2. c4 e6 3. g3 d5 4. Bg2 c6 5. Qc2 Be7 6. O-O b6 7. d4 Nbd7 8. Nbd2
Ba6 9. b3 b5 10. a4 bxc4 11. bxc4 O-O 12. Re1 c5 13. Ba3 Rc8 14. cxd5 Nxd5 15Ne5 Nxe5 16. dxe5 Nb4 17. Qc3 Qc7 18. Nc4 Nd5 19. Qc2 Bxc4 20. Qxc4 Qxe5 21Rac1 Rfd8 22. h4 Ne3 23. Qe4 Qxe4 24. Bxe4 Nd5 25. Rcd1 Kf8 26. Bd3 Nb4 27. Bc4
a5 28. Bb2 Bf6 29. Ba3 Ke7 30. e3 Rxd1 31. Rxd1 Rd8 32. Rxd8 Kxd8 33. Bxb4 cxb4
34. h5 Ke7 35. Kg2 Bc3 36. g4 g6 37. hxg6 hxg6 38. g5 1/2-1/2

[Event "Gibtelecom Masters 8th"]
[Site "Gibraltar"]
[Date "2010.02.03"]
[Round "9.26"]
[White "Houska, Jovanka"]
[Black "Allor, Chukwuka"]
[Result "1/2-1/2"]
[WhiteElo "2401"]
[BlackElo "2100"]
[PlyCount "115"]
[EventDate "2010.01.26"]
[EventType "swiss"]
[EventRounds "10"]
[EventCountry "GGB"]
[SourceDate "2005.02.07"]

1. d4 Nf6 2. Nf3 g6 3. c4 Bg7 4. g3 O-O 5. Bg2 d5 6. cxd5 Nxd5 7. O-O Nb6 8Nc3 Nc6 9. e3 Re8 10. Re1 e5 11. d5 Na5 12. e4 c6 13. b3 cxd5 14. exd5 e4 15Nxe4 Nxd5 16. Bg5 f6 17. Bd2 Nc6 18. Rc1 Ndb4 19. Nd6 Rxe1+ 20. Bxe1 Be6 21Nxb7 Qxd1 22. Rxd1 Bf8 23. Nd4 Nxd4 24. Bxb4 Ne2+ 25. Kf1 Bxb4 26. Kxe2 a5 27Rd8+ Rxd8 28. Nxd8 Bf5 29. Nc6 Bc3 30. Bd5+ Kf8 31. f3 Bd7 32. Nb8 Ke7 33. Kd3
Be5 34. Nxd7 Kxd7 35. f4 Bd6 36. h4 Bc5 37. Ke4 Bf2 38. Kf3 Be1 39. Bg8 h6 40Bh7 g5 41. Kg4 Ke7 42. Bg8 Kf8 43. Bc4 Kg7 44. a3 Kg6 45. h5+ Kg7 46. b4 axb4
47. a4 b3 48. Bxb3 f5+ 49. Kf3 Kf6 50. Bd5 Ba5 51. Bb7 Bc7 52. Bc8 gxf4 53gxf4 Ba5 54. Bb7 Bd2 55. Ke2 Bxf4 56. a5 Bb8 57. a6 Kg5 58. Bf3 1/2-1/2